LEADER 01457nem a2200289 i 4500 001 991003862259707536 007 aj|canzn 008 080910s1853 sp dg a 0 spa d 035 $ab13762485-39ule_inst 082 0 $a912.19 100 1 $aCoello, Francisco$d<1822-1898>$0313112 245 10$aZaragoza$h[Materiale cartografico] /$cpor el teniente coronel, capitan de ingenieros D. Francisco Coello ; las notas estadísticas è históricas han sido escritas por D. Pascual Madoz ; el contorno y la topografia por Raynaud, la letra por Burty 255 $a1:200000 260 $aMadrid :$b[s.n.],$c1853 300 $a1 c. geogr. col. rileg. in tela ;$c(79 x 103 cm.) ripieg. in 18 x 13 cm. 440 0$aAtlas de España y sus posesiones de ultramar 500 $aTit. alternativo: Atlas de España y sus posesiones de ultramar. Diccionario geográfico, estadístico, histórico. 500 $aPrimera hoja de suplemento, Aragon. 500 $aProvincias de Zaragoza, Huesca y Teruel 700 1 $aMadoz, Pascual$d<1806-1870> 907 $a.b13762485$b02-04-14$c10-09-08 912 $a991003862259707536 945 $aLE023 Ed. preg. XXIX, 12$g1$iLE009-1183$lle023$o-$pE0.00$q-$rn$so $t0$u0$v0$w0$x0$y.i14824978$z10-09-08 945 $aLE023 Ed. preg. XXIX, 12 bis$g0$iLE009-1439$lle023$o-$pE0.00$q-$rn$so $t0$u0$v0$w0$x0$y.i14824966$z10-09-08 996 $aZaragoza$91228593 997 $aUNISALENTO 998 $ale023$b10-09-08$cm$de $eo$fspa$gsp $h0$i0 LEADER 02076nam 2200601 450 001 9910825195603321 005 20230725054654.0 010 $a80-246-2404-4 035 $a(CKB)3710000000095654 035 $a(EBL)3319650 035 $a(SSID)ssj0001328666 035 $a(PQKBManifestationID)11727809 035 $a(PQKBTitleCode)TC0001328666 035 $a(PQKBWorkID)11289936 035 $a(PQKB)11435204 035 $a(MiAaPQ)EBC1996788 035 $a(Au-PeEL)EBL1996788 035 $a(CaPaEBR)ebr10852881 035 $a(OCoLC)908306081 035 $a(EXLCZ)993710000000095654 100 $a20140411h20102010 uy 0 101 0 $acze 135 $aur|n|---||||| 181 $ctxt 182 $cc 183 $acr 200 10$aOsvobozene? C?eskoslovensko oc?ima britske? diplomacie $e(zpra?vy britske? ambasa?dy z Prahy v roce 1945) /$fJan Kukli?k, Jan Ne?mec?ek ; Martin Kova?r?, Vi?t Smetana, recenzenti ; Marie Bernardova?, redakce ; Zdene?k Ziegler, graficka? u?prava 205 $aVyda?ni? prvni?. 210 1$a[Prague, Czech Republic] :$cKarolinum,$d2010. 210 4$d©2010 215 $a1 online resource (550 p.) 300 $aDescription based upon print version of record. 311 $a80-246-1849-4 320 $aIncludes bibliographical references and indexes. 606 $aReconstruction (1939-1951)$zCzechoslovakia 607 $aCzechoslovakia$xForeign relations$y1945-1992 607 $aGreat Britain$xForeign relations$zCzechoslovakia 607 $aCzechoslovakia$xForeign relations$zGreat Britain 615 0$aReconstruction (1939-1951) 676 $a943.7 700 $aKukli?k$b Jan$01627204 702 $aNe?mec?ek$b Jan 702 $aKova?r?$b Martin 702 $aSmetana$b Vi?t 702 $aBernardova?$b Marie 702 $aZiegler$b Zdene?k 801 0$bMiAaPQ 801 1$bMiAaPQ 801 2$bMiAaPQ 906 $aBOOK 912 $a9910825195603321 996 $aOsvobozene? C?eskoslovensko oc?ima britske? diplomacie$94121356 997 $aUNINA